| 000 | 00801nam a22002057a 4500 | ||
|---|---|---|---|
| 999 |
_c926 _d926 |
||
| 003 | AR-CdUCM | ||
| 008 | 190225b ||||| |||| 00| 0 spa d | ||
| 040 |
_aMUNICIPALIDAD PROVINCIAL DEL CUSCO _cBIBLIOTECA MUNICIPAL DEL CUSCO |
||
| 082 |
_a372 / _bB66 |
||
| 100 |
_aBoescha, Ernest _93568 |
||
| 245 |
_aLa exploración del carácter del niño : _bPrincipios y métodos / |
||
| 260 |
_aBuenos Aires : _bEditorial Nova: _c1959. |
||
| 300 |
_a125 paginas ; _c19 cm. |
||
| 505 | _aEl desarrollo del carácter -- Los principios de la investigación -- El examen psicológico del carácter -- Los métodos de exploración -- El problema del diagnostico ... | ||
| 650 |
_aExploración _93569 |
||
| 650 |
_aLas etapas _93570 |
||
| 650 |
_aVida social _93571 |
||
| 942 |
_2ddc _cLIBROS |
||
| 945 |
_arum _d2019-02-25 |
||